Political theologies: (Record no. 11196)

MARC details
000 -LEADER
fixed length control field 00826 a2200229 4500
010 ## - LIBRARY OF CONGRESS CONTROL NUMBER
LC control number ENG-89703
020 ## - INTERNATIONAL STANDARD BOOK NUMBER
International Standard Book Number 818735836X
Terms of availability 795.00
035 ## - SYSTEM CONTROL NUMBER
System control number EN-73236
037 ## - SOURCE OF ACQUISITION
Source of stock number/acquisition DBAD / VEN
082 14 - DEWEY DECIMAL CLASSIFICATION NUMBER
Classification number 280.72
090 ## - LOCALLY ASSIGNED LC-TYPE CALL NUMBER (OCLC); LOCAL CALL NUMBER (OCLC)
-- 11512
-- 11512
245 1# - TITLE STATEMENT
Title Political theologies:
Statement of responsibility, etc edited by Hent de Vries and Lawrence E. Sullivan
Remainder of title public religions in a post-secular world/
250 ## - EDITION STATEMENT
Edition statement abridged ed.
260 ## - PUBLICATION, DISTRIBUTION, ETC. (IMPRINT)
Place of publication, distribution, etc New Delhi
Name of publisher, distributor, etc Social Science Press
Date of publication, distribution, etc 2007
260 ## - PUBLICATION, DISTRIBUTION, ETC. (IMPRINT)
Place of publication, distribution, etc New Delhi
Name of publisher, distributor, etc Orient Longman,
Date of publication, distribution, etc 2007
270 ## - ADDRESS
Address 69, Jor Bagh
City New Delhi
State or province Delhi
Postal code 110003
Electronic mail address delgeneal@orientlongman.com
300 ## - PHYSICAL DESCRIPTION
Extent x, 359p.
Dimensions 25 cm. (Hb)
700 1# - ADDED ENTRY--PERSONAL NAME
Personal name Vries, Hent de
700 1# - ADDED ENTRY--PERSONAL NAME
Personal name Sullivan, Lawrence E.
942 ## - ADDED ENTRY ELEMENTS (KOHA)
Institution code [OBSOLETE] dpl
Koha item type English Books
Call number prefix 280.72/ POL
Holdings
Withdrawn status Lost status Source of classification or shelving scheme Damaged status Not for loan Collection code Home library Current library Source of acquisition Cost, normal purchase price Total Checkouts Full call number Barcode Date last seen Copy number Uniform Resource Identifier Cost, replacement price Price effective from Koha item type
    Dewey Decimal Classification   Not For Loan Non-fiction D.B.Act.Division D.B.Act.Division DBAD/PUB 795.00   280.72 POL EN-73236 15/09/2008 1 12304 795.00 15/09/2008 English Books

© Delhi Public Library
Hit Counter
free hit counter